[Event "Titled Tue 26th Aug Late"]
[Site "chess.com INT"]
[Date "2025.08.26"]
[Round "4"]
[White "Khadour, Ismael"]
[Black "Azamikia, Mehran"]
[Result "0-1"]
[WhiteTitle "FM"]
[BlackTitle "CM"]
[WhiteElo "1992"]
[BlackElo "2130"]
[WhiteFideId "7601930"]
[BlackFideId "12502502"]
[EventDate "2025.08.26"]

1. e4 c5 2. Nc3 e5 3. g3 Nc6 4. Bg2 d6 5. d3 Be7 6. f4 Nf6 7. Nf3 Bg4 8. h3 Bxf3
9. Bxf3 Nd4 10. Bg2 O-O 11. O-O b5 12. Ne2 b4 13. c3 bxc3 14. bxc3 Nxe2+ 15.
Qxe2 Rb8 16. f5 h6 17. g4 Nd7 18. Qe1 Bh4 19. Qe2 Bg5 20. Bxg5 Qxg5 21. Qf2 Rb6
22. Rab1 Rfb8 23. Rxb6 axb6 24. Rb1 Ra8 25. Kh2 h5 26. gxh5 Qxh5 27. Bf3 Qh6 28.
Bd1 Nf6 29. Rxb6 c4 30. Qe2 Qf4+ 31. Kg2 cxd3 32. Qxd3 Nxe4 33. Rb2 Qxf5 34. Bg4
Qg6 35. Re2 Nf6 36. Qxg6 fxg6 37. Be6+ Kf8 38. Rb2 Ke7 39. Bg4 Nxg4 40. hxg4 Ke6
41. Kf3 Ra3 42. Rc2 Kd5 43. Ke3 Kc5 44. Ke4 Ra4+ 45. Kf3 d5 46. Re2 e4+ 47. Kf4
Ra3 48. Rc2 Kc4 49. Ke5 Rxc3 50. Rd2 e3 51. Rxd5 e2 52. Rd4+ Kc5 53. Re4 Rc2 54.
a4 g5 55. Kf5 Kd5 56. Re8 Kd6 57. Kxg5 Kd7 58. Re3 Rb2 59. Kg6 Rb6+ 60. Kf5 Rf6+
61. Kg5 Re6 62. Rxe2 Rxe2 63. Kg6 Re7 64. a5 Kc6 65. g5 Kb5 66. Kh7 Kxa5 67. Kg8
Kb6 0-1

[Event "Titled Tue 26th Aug Late"]
[Site "chess.com INT"]
[Date "2025.08.26"]
[Round "4"]
[White "Abramor, Franco"]
[Black "Hua, Lefong"]
[Result "1/2-1/2"]
[BlackTitle "FM"]
[WhiteElo "2151"]
[BlackElo "2305"]
[WhiteFideId "181633"]
[BlackFideId "2602253"]
[EventDate "2025.08.26"]

1. e4 c5 2. Nf3 g6 3. c3 Nc6 4. d4 d5 5. exd5 Qxd5 6. Be3 Bh6 7. dxc5 Qxd1+ 8.
Kxd1 Bxe3 9. fxe3 h5 10. Nbd2 h4 11. b4 Bg4 12. Kc2 Nf6 13. e4 O-O-O 14. Bc4 h3
15. gxh3 Bxf3 16. Nxf3 Nxe4 17. Bxf7 Rhf8 18. Be6+ Kc7 19. Rhf1 Rf6 20. Bg4 a5
21. Rae1 Rf4 22. b5 Ne5 23. Nd4 Rxf1 24. Rxf1 Nxc5 25. Re1 Nc4 26. Rxe7+ Kb8 27.
b6 Nxb6 28. Ne6 Nxe6 29. Rxe6 Nc4 30. Rxg6 Rd2+ 31. Kc1 Rxh2 32. Rg8+ Ka7 33.
Rg7 Kb6 34. Bf3 Nd6 35. Bg4 Kc5 36. Rg5+ Kc4 37. Kd1 Ne4 38. Re5 Nxc3+ 39. Ke1
b5 40. a3 b4 41. axb4 axb4 42. Re8 Kd4 43. Rd8+ Ke4 44. Re8+ Kd3 45. Kf1 b3 46.
Rd8+ Kc2 47. Bf5+ Kb2 48. Rb8 Nd5 49. Be6 Ne3+ 50. Kg1 Re2 51. Rxb3+ Kc2 52. Rb8
Kd2 53. Rd8+ Ke1 54. Bg4 Rg2+ 55. Kh1 Rf2 56. Re8 Rf1+ 57. Kh2 Kf2 58. Rf8+ Ke1
59. Re8 Kd2 60. Kg3 Rg1+ 61. Kh4 Kd3 62. Kg5 Kd4 63. Rd8+ Ke5 64. Re8+ Kd4 65.
Ra8 Ke5 66. Ra3 Nd5 67. Ra5 Kd6 68. Ra6+ Ke7 69. h4 Ne3 70. Ra7+ Kd6 71. Ra4
Nxg4 72. Rxg4 Rxg4+ 73. Kxg4 Ke7 74. Kg5 Kf8 75. Kh6 Kg8 76. Kg6 Kh8 77. h5 Kg8
78. h6 Kh8 79. h7 1/2-1/2

[Event "Titled Tue 26th Aug Late"]
[Site "chess.com INT"]
[Date "2025.08.26"]
[Round "4"]
[White "Winter Atwell, Adrian"]
[Black "Leitgeb, Julian"]
[Result "0-1"]
[WhiteTitle "FM"]
[BlackTitle "FM"]
[WhiteElo "2090"]
[BlackElo "2311"]
[WhiteFideId "7700750"]
[BlackFideId "1663771"]
[EventDate "2025.08.26"]

1. e4 e5 2. Nf3 d6 3. Bc4 Be7 4. d3 Nf6 5. O-O O-O 6. h3 h6 7. Nc3 Be6 8. Bb3 c5
9. Re1 Nc6 10. Be3 Nd4 11. Bxd4 cxd4 12. Ne2 Qd7 13. c3 dxc3 14. bxc3 Bxb3 15.
axb3 a6 16. Ng3 g6 17. d4 Qc7 18. c4 Kg7 19. Qe2 Rfe8 20. Qd3 h5 21. Rad1 Rad8
22. d5 Nh7 23. Nf1 Ng5 24. Nxg5 Bxg5 25. g3 Rf8 26. h4 Be7 27. Ne3 Rc8 28. f4
exf4 29. gxf4 Bxh4 30. Rf1 Rce8 31. f5 Qe7 32. Ng2 Qxe4 33. Qh3 Bf6 34. fxg6
fxg6 35. Rde1 Qg4 36. Qd3 Be5 37. Kh1 Rxf1+ 38. Rxf1 Qg3 39. Qxg3 Bxg3 40. Rf3
Be5 41. Ne3 Rf8 42. Rh3 Rf2 43. b4 Rd2 44. c5 dxc5 45. bxc5 Bd4 46. Nc4 Rd1+ 47.
Kg2 Bxc5 48. d6 Bxd6 49. Re3 b5 50. Na5 Rd2+ 51. Kf3 Bc5 52. Re6 Rd3+ 53. Ke2
Ra3 54. Nc6 a5 55. Ne5 b4 56. Rxg6+ Kh7 57. Rc6 Bd4 58. Nf7 Re3+ 59. Kd2 Re7 60.
Ng5+ Kg8 61. Nf3 Bc3+ 62. Kc2 Rf7 63. Ng5 Rf2+ 64. Kb3 Rb2+ 65. Kc4 Rc2 66. Kb3
Rb2+ 67. Kc4 Rg2 68. Ne6 h4 69. Rc7 h3 70. Nf4 h2 71. Rc8+ Kg7 72. Rc7+ Kf6 0-1

[Event "Titled Tue 26th Aug Late"]
[Site "chess.com INT"]
[Date "2025.08.26"]
[Round "4"]
[White "Henriquez Villagra, Cristobal"]
[Black "Paduano, Claudio"]
[Result "1/2-1/2"]
[WhiteTitle "GM"]
[BlackTitle "FM"]
[WhiteElo "2592"]
[BlackElo "2280"]
[WhiteFideId "3409350"]
[BlackFideId "2806393"]
[EventDate "2025.08.26"]

1. e4 c5 2. Nf3 Nc6 3. d3 e6 4. Be2 d5 5. O-O Nf6 6. Nbd2 Be7 7. c3 O-O 8. a4 b6
9. Re1 Bb7 10. Bf1 Qc7 11. e5 Nd7 12. d4 cxd4 13. cxd4 Nb4 14. Re3 Rac8 15. Rc3
Qb8 16. Nb1 f6 17. Bb5 Rcd8 18. Qe2 fxe5 19. Bxd7 Rxd7 20. Nxe5 Rc7 21. Nd7 Rxd7
22. Qxe6+ Rf7 23. Qxd7 Bh4 24. Qe6 Bxf2+ 25. Kh1 Bxd4 26. Rf3 Bf6 27. Nc3 Nc2
28. Rxf6 gxf6 29. Rb1 Qe5 30. Qxe5 fxe5 31. Kg1 d4 32. Nb5 Be4 33. Bd2 Rg7 34.
g3 Ne3 35. Re1 Rc7 36. Bxe3 dxe3 37. Nc3 Bd3 38. Rxe3 e4 39. Nxe4 Rc1+ 40. Kg2
Bxe4+ 41. Rxe4 Rc2+ 42. Kh3 Rxb2 43. Re7 a5 44. Rb7 Rb4 45. g4 Rxa4 46. Rxb6 Rb4
47. Ra6 a4 48. Ra7 Rb3+ 49. Kh4 a3 50. g5 Kh8 51. Kg4 Kg8 52. h4 Rb4+ 53. Kh5
Rc4 54. Rxa3 Kg7 55. Ra7+ Kg8 56. Ra6 Kg7 57. Rf6 Kg8 58. Rf3 Kg7 59. Rg3 Kg8
60. Rg4 Rc6 61. Re4 Rb6 62. Rd4 Kg7 63. Kg4 Kg8 64. h5 Kg7 65. Rd7+ Kg8 66. Rd4
Rc6 67. Rf4 Rb6 68. h6 Rc6 69. Kh5 Rb6 70. Rd4 Rb2 71. Rd8+ Kf7 72. Rd7+ Kg8 73.
Rd4 Rh2+ 74. Kg4 Rg2+ 75. Kh4 Rh2+ 76. Kg3 Rh1 77. Rd7 Rg1+ 78. Kf4 Rf1+ 79. Ke5
Rf2 80. Rg7+ Kh8 81. Rc7 Kg8 82. Ke6 Re2+ 83. Kf6 Rf2+ 84. Ke5 Re2+ 85. Kf4 Rf2+
86. Kg3 Rf1 87. Rc4 Rg1+ 88. Kh4 Rh1+ 89. Kg4 Rg1+ 90. Kf5 Rf1+ 91. Rf4 Ra1 92.
Re4 Rf1+ 93. Ke6 Rf2 94. Re5 Rf1 95. Rd5 Re1+ 96. Kf6 Rf1+ 97. Rf5 Ra1 98. Re5
Rf1+ 99. Ke7 Rf2 100. Rd5 Rf7+ 101. Ke6 Rf8 102. Rd7 Re8+ 103. Re7 Rb8 104. Rg7+
Kh8 105. Rd7 Rf8 106. Ke7 Kg8 107. Ke6 Re8+ 108. Re7 Rc8 109. Kf6 Rf8+ 110. Ke6
Rc8 111. Rg7+ Kh8 112. Rd7 Kg8 113. Ke7 Rf8 114. Rd5 Rb8 115. Ke6 Re8+ 116. Kf6
Rf8+ 117. Ke7 Rf7+ 118. Ke6 1/2-1/2

[Event "Titled Tue 26th Aug Late"]
[Site "chess.com INT"]
[Date "2025.08.26"]
[Round "5"]
[White "Ugarte Soto, Cesar"]
[Black "Kawka, Milena"]
[Result "0-1"]
[WhiteTitle "CM"]
[BlackTitle "WCM"]
[WhiteElo "2088"]
[BlackElo "2017"]
[WhiteFideId "3601331"]
[BlackFideId "21095167"]
[EventDate "2025.08.26"]

1. d4 Nf6 2. Bg5 d5 3. Bxf6 exf6 4. g3 Bd6 5. Bg2 c6 6. e3 O-O 7. Ne2 Be6 8. O-O
Nd7 9. Nd2 Re8 10. Rc1 f5 11. c4 dxc4 12. Nxc4 Bc7 13. b4 a5 14. bxa5 Bxc4 15.
Rxc4 Rxa5 16. Qb1 Rb5 17. Qxf5 Rxf5 0-1

[Event "Titled Tue 26th Aug Late"]
[Site "chess.com INT"]
[Date "2025.08.26"]
[Round "5"]
[White "Romero Ruscalleda, Josep"]
[Black "Oluka Robert Mcligeyo"]
[Result "1-0"]
[WhiteTitle "FM"]
[BlackTitle "CM"]
[WhiteElo "2110"]
[BlackElo "2081"]
[WhiteFideId "2231859"]
[BlackFideId "10814647"]
[EventDate "2025.08.26"]

1. e4 e5 2. Nf3 Nc6 3. Bc4 Bc5 4. c3 Nf6 5. d4 exd4 6. cxd4 Bb4+ 7. Nc3 Nxe4 8.
O-O Bxc3 9. d5 Ne5 10. bxc3 Nxc4 11. Qd4 Ncd6 12. Qxg7 Qf6 13. Qxf6 Nxf6 14.
Re1+ Kf8 15. Bh6+ Kg8 16. Re5 Nde4 17. Nd2 Ng4 18. Re8# 1-0

[Event "Titled Tue 26th Aug Late"]
[Site "chess.com INT"]
[Date "2025.08.26"]
[Round "5"]
[White "Miserendino, Alfredo"]
[Black "Do Carmo, Gabriel Carckeno"]
[Result "0-1"]
[WhiteElo "2032"]
[BlackElo "2051"]
[WhiteFideId "101800"]
[BlackFideId "22783024"]
[EventDate "2025.08.26"]

1. e4 e6 2. d4 d5 3. Nc3 Nf6 4. Bg5 Bb4 5. e5 h6 6. Bd2 Bxc3 7. bxc3 Ne4 8. Qg4
Kf8 9. Bc1 c5 10. Ne2 cxd4 11. Nxd4 Qa5 12. Nb5 a6 13. Ba3+ Kg8 14. Bb4 Qb6 15.
Nd4 Nc6 16. Nxc6 Qxf2+ 17. Kd1 Qd2# 0-1

[Event "Titled Tue 26th Aug Late"]
[Site "chess.com INT"]
[Date "2025.08.26"]
[Round "5"]
[White "Subervi, Jonathan Sigfredo"]
[Black "Bonin, Jay"]
[Result "0-1"]
[WhiteTitle "FM"]
[BlackTitle "IM"]
[WhiteElo "2007"]
[BlackElo "2077"]
[WhiteFideId "6400345"]
[BlackFideId "2000644"]
[EventDate "2025.08.26"]

1. e4 e5 2. f4 d5 3. exd5 e4 4. d3 Nf6 5. dxe4 Nxe4 6. Be3 c6 7. dxc6 Qxd1+ 8.
Kxd1 Nxc6 9. Bd3 Bg4+ 10. Kc1 Bc5 11. Bxc5 Nxc5 12. Bb5 O-O-O 13. Bxc6 Rd1# 0-1

[Event "Titled Tue 26th Aug Late"]
[Site "chess.com INT"]
[Date "2025.08.26"]
[Round "5"]
[White "Svane, Rasmus"]
[Black "Rogov, Matfey"]
[Result "1-0"]
[WhiteTitle "GM"]
[BlackTitle "FM"]
[WhiteElo "2619"]
[BlackElo "2348"]
[WhiteFideId "4657101"]
[BlackFideId "44191308"]
[EventDate "2025.08.26"]

1. Nf3 g6 2. e4 c5 3. d4 cxd4 4. Nxd4 Bg7 5. c4 Nc6 6. Be3 Nf6 7. Nc3 O-O 8. Be2
d6 9. O-O Bd7 10. Nc2 Rc8 11. Rc1 Qa5 12. f4 Nb4 13. Nxb4 Qxb4 14. e5 dxe5 15.
fxe5 Qxb2 16. exf6 Bxf6 17. Rxf6 exf6 18. Qxd7 Rce8 19. Qd2 Qb4 20. Bf3 Rd8 21.
Nd5 Qa3 22. Bd4 1-0

[Event "Titled Tue 26th Aug Late"]
[Site "chess.com INT"]
[Date "2025.08.26"]
[Round "5"]
[White "Buchenau, Frank"]
[Black "Pontes, Luiz Felizola Lima"]
[Result "1-0"]
[WhiteTitle "FM"]
[WhiteElo "2205"]
[BlackElo "1871"]
[WhiteFideId "4604350"]
[BlackFideId "44709919"]
[EventDate "2025.08.26"]

1. e4 c5 2. g3 Nc6 3. Bg2 e6 4. Ne2 d5 5. exd5 exd5 6. d4 Nf6 7. O-O c4 8. b3
Bd6 9. bxc4 dxc4 10. Na3 Na5 11. Nb5 O-O 12. Nxd6 Qxd6 13. Bf4 Qa6 14. Nc3 Be6
15. Rb1 Rfd8 16. Bg5 Bd5 17. Nxd5 Nxd5 18. Bxd8 Nc3 19. Qe1 Nxb1 20. Qe8# 1-0

[Event "Titled Tue 26th Aug Late"]
[Site "chess.com INT"]
[Date "2025.08.26"]
[Round "5"]
[White "Clawitter, Craig"]
[Black "Guz, Ari"]
[Result "0-1"]
[BlackTitle "FM"]
[WhiteElo "2050"]
[BlackElo "2358"]
[WhiteFideId "2023105"]
[BlackFideId "2825759"]
[EventDate "2025.08.26"]

1. e4 Nf6 2. e5 Ng8 3. d4 d6 4. Nf3 Nc6 5. Bb5 Bd7 6. Nc3 g6 7. O-O Bg7 8. Qe2
Nh6 9. Bg5 Nf5 10. Bxc6 bxc6 11. Rfe1 h6 12. Bf4 g5 13. Bd2 g4 14. exd6 cxd6 15.
Ne5 Nxd4 16. Qc4 dxe5 17. Ne4 Be6 18. Qa4 Qb6 19. Be3 Qb5 0-1

[Event "Titled Tue 26th Aug Late"]
[Site "chess.com INT"]
[Date "2025.08.26"]
[Round "5"]
[White "Padalka, Artem"]
[Black "Bhatia, Kanishka"]
[Result "1-0"]
[WhiteTitle "CM"]
[BlackTitle "WCM"]
[WhiteElo "2124"]
[BlackElo "2067"]
[WhiteFideId "14118637"]
[BlackFideId "2410095"]
[EventDate "2025.08.26"]

1. d4 g6 2. Nf3 Bg7 3. c3 c6 4. Bf4 d5 5. Nbd2 Nf6 6. e3 O-O 7. Bd3 Nbd7 8. O-O
Nh5 9. Bg5 h6 10. Bh4 g5 11. Nxg5 Ndf6 12. Ngf3 Bg4 13. h3 Be6 14. g4 Nxg4 15.
hxg4 Bxg4 16. Qc2 Qd7 17. Kh2 Rae8 18. Rg1 c5 19. Ne5 Bxe5+ 20. dxe5 c4 21. Bf5
Nf4 1-0

[Event "Titled Tue 26th Aug Late"]
[Site "chess.com INT"]
[Date "2025.08.26"]
[Round "5"]
[White "Khlebovich, Alexander"]
[Black "Ferreira, Vitor Hugo Vieira"]
[Result "1-0"]
[WhiteTitle "IM"]
[WhiteElo "2423"]
[BlackElo "2128"]
[WhiteFideId "4169123"]
[BlackFideId "2119765"]
[EventDate "2025.08.26"]

1. d4 d5 2. c4 c6 3. Nf3 f6 4. Nbd2 e6 5. e4 Nh6 6. Bd3 Nf7 7. O-O Be7 8. Qc2 g6
9. Re1 O-O 10. exd5 exd5 11. Bxg6 hxg6 12. Qxg6+ Kh8 13. Re3 Ng5 14. Nh4 Rg8 15.
Qh6+ Nh7 16. Ng6+ Rxg6 17. Qxg6 Qf8 18. Nf3 Bd6 19. Re8 1-0

[Event "Titled Tue 26th Aug Late"]
[Site "chess.com INT"]
[Date "2025.08.26"]
[Round "5"]
[White "Kulik, Nicolas"]
[Black "Arkadan, Adib"]
[Result "0-1"]
[BlackTitle "CM"]
[WhiteElo "2111"]
[BlackElo "2215"]
[WhiteFideId "3009530"]
[BlackFideId "5304946"]
[EventDate "2025.08.26"]

1. e4 d6 2. d4 Nf6 3. Nc3 Nbd7 4. f4 e5 5. Nf3 exd4 6. Qxd4 c6 7. Be2 d5 8. exd5
Bc5 9. Qd1 O-O 10. dxc6 bxc6 11. h3 Re8 12. Na4 Ba6 13. Ng1 Bxg1 14. Rxg1 Rxe2+
15. Qxe2 Bxe2 16. Kxe2 Qa5 17. b3 Nc5 18. Nb2 Re8+ 19. Kd1 Nce4 20. Nd3 Nc3+ 21.
Kd2 Nxa2+ 22. b4 Ne4+ 23. Ke1 Nc5+ 24. Kf1 Nxd3 25. cxd3 Qxb4 26. Kf2 Qd4+ 27.
Kf1 Qxa1 28. Kf2 Nxc1 29. Rd1 Qb2+ 30. Kg1 Ne2+ 31. Kh1 Nxf4 32. Rf1 Qxg2# 0-1

[Event "Titled Tue 26th Aug Late"]
[Site "chess.com INT"]
[Date "2025.08.26"]
[Round "5"]
[White "Atis, Hasan"]
[Black "Amirkul, Alimzhan"]
[Result "0-1"]
[WhiteTitle "CM"]
[BlackTitle "FM"]
[WhiteElo "2104"]
[BlackElo "2242"]
[WhiteFideId "44598017"]
[BlackFideId "13718428"]
[EventDate "2025.08.26"]

1. e4 c5 2. Nf3 Nc6 3. d4 cxd4 4. Nxd4 e5 5. Nb5 d6 6. N1c3 a6 7. Na3 Be7 8. Nc4
Nf6 9. Bg5 O-O 10. Bxf6 Bxf6 11. Nd5 b5 12. Nce3 Bg5 13. h4 Bh6 14. g3 Be6 15.
Bh3 Rc8 16. c3 Qd7 17. Bg4 Bxe3 18. Nxe3 Ne7 19. O-O Rfd8 20. Qf3 d5 21. exd5
Bxg4 22. Qxg4 Qxg4 23. Nxg4 Rxd5 24. Rfe1 f6 25. Re2 Rcd8 26. a4 Rd1+ 27. Rxd1
Rxd1+ 28. Kg2 bxa4 29. Re4 Ra1 30. Rb4 Nd5 31. Rb7 h5 32. Nh2 Rb1 33. c4 a3 34.
Ra7 axb2 35. Rb7 Nc3 36. c5 Nb5 37. c6 Rc1 0-1

[Event "Titled Tue 26th Aug Late"]
[Site "chess.com INT"]
[Date "2025.08.26"]
[Round "5"]
[White "Foldes, Marton Gabor"]
[Black "Ebrahimi Herab, Hamidreza"]
[Result "0-1"]
[WhiteTitle "FM"]
[BlackTitle "FM"]
[WhiteElo "2293"]
[BlackElo "2385"]
[WhiteFideId "794708"]
[BlackFideId "22512888"]
[EventDate "2025.08.26"]

1. e4 c5 2. Nf3 e6 3. b3 Nc6 4. Bb2 a6 5. Nc3 Qc7 6. Be2 Nf6 7. O-O Bd6 8. g3 h5
9. d4 cxd4 10. Nxd4 Nxd4 11. Qxd4 h4 12. Rad1 Bc5 13. Qd3 b5 14. e5 hxg3 15.
hxg3 Qxe5 16. Na4 Bb7 0-1

[Event "Titled Tue 26th Aug Late"]
[Site "chess.com INT"]
[Date "2025.08.26"]
[Round "5"]
[White "Ruperez Benito, Antonio"]
[Black "Demaria, Juan Pablo"]
[Result "1-0"]
[WhiteTitle "FM"]
[BlackTitle "FM"]
[WhiteElo "2328"]
[BlackElo "2215"]
[WhiteFideId "22245049"]
[BlackFideId "104922"]
[EventDate "2025.08.26"]

1. e4 c5 2. Nf3 d6 3. Bb5+ Bd7 4. Bxd7+ Qxd7 5. O-O Nc6 6. Qe2 e5 7. c3 Nf6 8.
Rd1 Be7 9. d4 Qc7 10. Bg5 O-O 11. Bxf6 Bxf6 12. dxc5 dxc5 13. Nbd2 Rfd8 14. Nc4
b5 15. Ne3 Qb7 16. Nd5 Be7 17. h4 Bf8 18. h5 h6 19. Nh4 Ne7 20. Qf3 Nxd5 21.
Rxd5 Be7 22. Nf5 Rxd5 23. exd5 Bf6 24. Nxh6+ gxh6 25. Qxf6 Qxd5 26. Qxh6 Rd8 27.
Re1 e4 28. Re3 f6 29. Qg6+ Kf8 30. Qxf6+ Ke8 31. Qg6+ Kd7 32. Rxe4 Kc8 33. Qe6+ 1-0

[Event "Titled Tue 26th Aug Late"]
[Site "chess.com INT"]
[Date "2025.08.26"]
[Round "5"]
[White "Gabrielian, Artur"]
[Black "Kleimenov, Nikolay"]
[Result "1-0"]
[WhiteTitle "GM"]
[BlackTitle "CM"]
[WhiteElo "2407"]
[BlackElo "2244"]
[WhiteFideId "4131002"]
[BlackFideId "34414223"]
[EventDate "2025.08.26"]

1. Nf3 Nf6 2. g3 g6 3. Bg2 Bg7 4. O-O O-O 5. d4 d6 6. Re1 Nc6 7. d5 Nb4 8. Nc3
a5 9. Nd4 Re8 10. a3 Na6 11. e4 e5 12. dxe6 fxe6 13. e5 dxe5 14. Nf3 Nd5 15. Ne4
Qe7 16. c4 Nf6 17. Bg5 Qf8 18. Bxf6 Bxf6 19. Nxf6+ Qxf6 20. Nxe5 Nc5 21. Re3 Ra6
22. Qe2 Rd8 23. Rf3 Qg5 24. Nf7 Qd2 25. Qe5 Qd4 26. Nh6# 1-0

[Event "Titled Tue 26th Aug Late"]
[Site "chess.com INT"]
[Date "2025.08.26"]
[Round "5"]
[White "Tureshbayev, Anuar"]
[Black "Jin, Ashton"]
[Result "0-1"]
[WhiteTitle "CM"]
[WhiteElo "2214"]
[BlackElo "2196"]
[WhiteFideId "651081709"]
[BlackFideId "30931908"]
[EventDate "2025.08.26"]

1. Nf3 d5 2. e3 Nf6 3. b3 c5 4. Bb5+ Bd7 5. a4 e6 6. Bb2 Bd6 7. O-O O-O 8. d4
cxd4 9. exd4 a6 10. Bd3 Nc6 11. Ne5 Rc8 12. c4 Nb4 13. Nxd7 Qxd7 14. c5 Nxd3 15.
Qxd3 Bb8 16. Nd2 Rfe8 17. b4 e5 18. dxe5 Bxe5 19. Bxe5 Rxe5 20. Nf3 Re4 21. Rab1
Qxa4 22. Qd2 h6 23. Rfe1 Rce8 24. Rxe4 Rxe4 25. Re1 Qxb4 26. Qxb4 Rxb4 27. g3
Ne4 28. Rd1 Nc3 29. Rd3 Rc4 30. c6 Rxc6 31. Ne5 Rc7 0-1

[Event "Titled Tue 26th Aug Late"]
[Site "chess.com INT"]
[Date "2025.08.26"]
[Round "5"]
[White "Jahnz, Laurin"]
[Black "Kavyev, Ruslan"]
[Result "0-1"]
[WhiteTitle "CM"]
[BlackTitle "FM"]
[WhiteElo "2219"]
[BlackElo "2179"]
[WhiteFideId "16261089"]
[BlackFideId "34110981"]
[EventDate "2025.08.26"]

1. e4 c5 2. Nf3 e6 3. g3 d5 4. exd5 exd5 5. d4 Nf6 6. Bg2 Be7 7. O-O O-O 8. c3
Nc6 9. dxc5 Bxc5 10. Nbd2 Re8 11. Nb3 Bf8 12. Nbd4 h6 13. h3 Bd7 14. Bf4 Ne4 15.
Re1 a5 16. a4 Qb6 17. Qc2 Rac8 18. Nb5 Bc5 19. Be3 Nxg3 20. Nd6 Rxe3 21. Nxc8
Bxc8 22. fxe3 Bxe3+ 23. Kh2 Bf5 24. Qd1 Bf4 25. Re8+ Kh7 26. Qxd5 Ne4+ 27. Kh1
Nf2+ 28. Kg1 Nxh3+ 29. Kh1 Qg1+ 30. Rxg1 Nf2# 0-1

[Event "Titled Tue 26th Aug Late"]
[Site "chess.com INT"]
[Date "2025.08.26"]
[Round "5"]
[White "Ostrovskiy, Aleksandr"]
[Black "Bortnyk, Olexandr"]
[Result "0-1"]
[WhiteTitle "IM"]
[BlackTitle "GM"]
[WhiteElo "2366"]
[BlackElo "2601"]
[WhiteFideId "2034239"]
[BlackFideId "14120828"]
[EventDate "2025.08.26"]

1. e4 Nf6 2. Nc3 d5 3. exd5 Nxd5 4. Bc4 Nb6 5. Bb3 c5 6. d3 Nc6 7. Nge2 Bf5 8.
O-O e6 9. a4 Na5 10. Ba2 Bd6 11. h3 O-O 12. Ng3 Bxg3 13. fxg3 c4 14. g4 Bg6 15.
d4 Nc6 16. Ne2 e5 17. Be3 Nxa4 18. dxe5 Qxd1 19. Rfxd1 Bxc2 20. Rdc1 Bd3 21.
Bxc4 Nxb2 22. Bxd3 Nxd3 23. Rcb1 b6 24. Nd4 Ndxe5 25. Nf5 Rad8 26. Bf4 Rd7 27.
Re1 f6 28. Rac1 Nd3 0-1

[Event "Titled Tue 26th Aug Late"]
[Site "chess.com INT"]
[Date "2025.08.26"]
[Round "5"]
[White "Hovhannisyan, Hrayr"]
[Black "Shafer, Logan C"]
[Result "1-0"]
[WhiteTitle "CM"]
[BlackTitle "CM"]
[WhiteElo "2203"]
[BlackElo "2234"]
[WhiteFideId "13308017"]
[BlackFideId "30993342"]
[EventDate "2025.08.26"]

1. d4 Nf6 2. Nf3 d5 3. c4 e6 4. g3 Bb4+ 5. Bd2 a5 6. Bg2 O-O 7. O-O dxc4 8. Bg5
b5 9. Ne5 Ra6 10. a4 c6 11. e4 h6 12. Bxf6 Qxf6 13. Nc3 Bxc3 14. bxc3 Nd7 15.
Ng4 Qe7 16. f4 f5 17. Ne3 g6 18. h4 Nf6 19. Qc2 Bd7 20. Rae1 Qf7 21. Rf2 Rb8 22.
Rfe2 Nh5 23. Kh2 Kg7 24. exf5 gxf5 25. Nxf5+ Qxf5 26. Qxf5 exf5 27. Re7+ Kg6 28.
Rxd7 Nf6 29. Re6 b4 30. h5+ Kxh5 31. Rxf6 Rg8 32. Bf3+ Rg4 33. Rg7 1-0

[Event "Titled Tue 26th Aug Late"]
[Site "chess.com INT"]
[Date "2025.08.26"]
[Round "5"]
[White "Tsvetkov, Andrey"]
[Black "Paduano, Claudio"]
[Result "1-0"]
[WhiteTitle "IM"]
[BlackTitle "FM"]
[WhiteElo "2403"]
[BlackElo "2280"]
[WhiteFideId "34139360"]
[BlackFideId "2806393"]
[EventDate "2025.08.26"]

1. d4 Nf6 2. c4 e6 3. Nc3 Bb4 4. e3 O-O 5. Bd3 d5 6. cxd5 exd5 7. a3 Bd6 8. Qc2
c6 9. Nge2 Re8 10. Bd2 Nbd7 11. f3 c5 12. h4 a6 13. g4 c4 14. Bf5 g6 15. Bxd7
Bxd7 16. O-O-O b5 17. g5 Nh5 18. e4 dxe4 19. fxe4 b4 20. axb4 Bxb4 21. Nd5 Bxd2+
22. Rxd2 Bc6 23. Nec3 Qa5 24. Rf1 Rab8 25. Rdf2 Rb7 26. Nf6+ Nxf6 27. Rxf6 Rc8
28. d5 Be8 29. e5 Qc5 30. e6 Rcc7 31. d6 Qxd6 32. exf7+ 1-0

[Event "Titled Tue 26th Aug Late"]
[Site "chess.com INT"]
[Date "2025.08.26"]
[Round "5"]
[White "Goncharov, Vladimir"]
[Black "Barwinska, Ewa"]
[Result "1-0"]
[BlackTitle "WFM"]
[WhiteElo "2077"]
[BlackElo "2029"]
[WhiteFideId "34162256"]
[BlackFideId "21833761"]
[EventDate "2025.08.26"]

1. d4 c5 2. d5 e6 3. c4 exd5 4. cxd5 Nf6 5. Nc3 d6 6. e4 g6 7. Bd3 Bg7 8. h3 O-O
9. Nf3 b5 10. Nxb5 Nxe4 11. Bxe4 Re8 12. Ng5 h6 13. Ne6 Bxe6 14. dxe6 Rxe6 15.
f3 Qa5+ 16. Nc3 Bxc3+ 17. bxc3 Qxc3+ 18. Bd2 Rxe4+ 19. fxe4 Qg3+ 20. Kf1 Nc6 21.
Qf3 Qe5 22. Bc3 Nd4 23. Bxd4 Qxd4 24. Rd1 Qe5 25. Kf2 Rd8 26. Rhe1 Qb2+ 27. Re2
Qb4 28. Qb3 Qa5 29. e5 d5 30. Rxd5 1-0

[Event "Titled Tue 26th Aug Late"]
[Site "chess.com INT"]
[Date "2025.08.26"]
[Round "5"]
[White "Bardyk, Artem"]
[Black "Tang, Andrew"]
[Result "0-1"]
[WhiteTitle "FM"]
[BlackTitle "GM"]
[WhiteElo "2332"]
[BlackElo "2538"]
[WhiteFideId "34349979"]
[BlackFideId "2059630"]
[EventDate "2025.08.26"]

1. e4 e5 2. Nf3 Nc6 3. Nc3 Nf6 4. a4 g6 5. Bc4 Bg7 6. d3 O-O 7. a5 d6 8. O-O h6
9. h3 Re8 10. Re1 Nb4 11. Bd2 c5 12. Qc1 Be6 13. Bxe6 Rxe6 14. Na2 Nxa2 15. Rxa2
Kh7 16. Be3 Rc8 17. c4 Nh5 18. g3 f5 19. Kg2 Qf6 20. b4 cxb4 21. Rb2 Rf8 22. Qd1
Qf7 23. Rxb4 fxe4 24. dxe4 Rf6 25. g4 Rxf3 0-1

[Event "Titled Tue 26th Aug Late"]
[Site "chess.com INT"]
[Date "2025.08.26"]
[Round "5"]
[White "Kovacs, Reka"]
[Black "Harriott, Tyrell"]
[Result "0-1"]
[WhiteTitle "WCM"]
[WhiteElo "1915"]
[BlackElo "1933"]
[WhiteFideId "790702"]
[BlackFideId "2086484"]
[EventDate "2025.08.26"]

1. e4 d5 2. exd5 Nf6 3. Nf3 Qxd5 4. Nc3 Qh5 5. Be2 Bg4 6. d3 Nc6 7. Bf4 O-O-O 8.
Qd2 e5 9. Bg3 e4 10. Ng1 exd3 11. Bxd3 Bb4 12. a3 Rhe8+ 13. Kf1 Ne4 14. Qf4 Bd6
15. Qc1 Nxg3+ 16. fxg3 Bxg3 17. hxg3 Qxh1 18. Qf4 Ne5 19. Bf5+ Bxf5 20. Qxf5+
Kb8 21. Re1 f6 22. Ne4 Nc4 0-1